000 00721nam a22001577a 4500
003 OSt
005 20151020134915.0
008 151020b xxu||||| |||| 00| 0 eng d
040 _cRUA
082 _aAVM HEN 2010 B096 Or.1
100 _92505
_aHENG, SILA.
245 _aStudy on chemical composition of common feedstuffs for cattle feeding in tonlesap lake and mekong river, ការសិក្សាលើសារធាតុគីមី នៃចំណីសត្វគោដែលកសិករប្រើប្រាស់នៅតំបន់បឹងទន្លេសាប និងទន្លេមេគង្គ
260 _aPhnom Penh
_bRUA
_c2010
300 _ax; 43p.
_bill.
_c29cm.
942 _2ddc
_cAVM
999 _c2358
_d2358